000 00705nam a22001935i 4500
001 156446
003 ES-MaACL
005 20250930063134.0
008 990701s1866 fr |||| | fre d
040 _aGA
_bspa
_cCCPB | 3D
100 _aJouffroy, Théodore,
_d1796-1842
_9222573
245 1 0 _aCours de droit naturel
_b: professé à la faculté des lettres de París /
_cpar Th. Jouffroy.
250 _a4ème. éd.
260 _aParis :
_bL. Hachette et Cie.,
_c1866 (
_fImprimerie générale de Ch. Lahure)
300 _a2 v. (XI, 427 ; 417 p.) ;
_c18 cm.
650 0 7 _aDerecho natural
_2embne
_911744
852 _aES-MaACL
_jC-3496-97
_z-- Enc. pasta española
999 _c156446
_d156446